000 01344nam0a2200289 4500
001 RU\NLR\bibl\1187370
005 20260405151016.0
010 _a978-5-360-00639-8
_91000
021 _aRU
_b2007-89036
_94811
035 _a(NLR Aleph) 001173943
090 _a1615002
_c1615002
100 _a20080212d2007 |||y0rusy50 ca
101 0 _arus
102 _aRU
105 _ay |||||||||
200 1 _aФизическая культура
_iСодержание образования
_eсборник нормативно-правовых документов и методических материалов
_f[авт.-сост.: Т.Б. Васильева, И.Н. Иванова]
210 _aМосква
_cВентана-Граф
_d2007
215 _a155 с.
_d22
225 1 _aСовременное образование
606 1 _aФизическая культура и спорт
_jНормативные документы
_xОбразовательные стандарты
_xСредняя школа
_92363276
_3RU\NLR\auth\661411069
686 _aЧ426.73-211б
702 1 _4220
_7ca
_8rus
_aВасильева
_bТ. Б.
_cпедагог-методист
_gТатьяна Борисовна
_945176
_3RU\NLR\auth\7762246
801 0 _aRU
_bNLR
_c20080212
_gRCR
801 1 _aRU
_bNLR
_c20080212
942 _cBOOK
980 _aNB